<?xml version="1.0" encoding="UTF-8"?><?xml-stylesheet type="text/xsl" href="static/style.xsl"?><OAI-PMH xmlns="http://www.openarchives.org/OAI/2.0/" xmlns:xsi="http://www.w3.org/2001/XMLSchema-instance" xsi:schemaLocation="http://www.openarchives.org/OAI/2.0/ http://www.openarchives.org/OAI/2.0/OAI-PMH.xsd"><responseDate>2026-04-28T21:22:45Z</responseDate><request verb="GetRecord" identifier="oai:uvadoc.uva.es:10324/4824" metadataPrefix="marc">https://uvadoc.uva.es/oai/request</request><GetRecord><record><header><identifier>oai:uvadoc.uva.es:10324/4824</identifier><datestamp>2021-06-29T09:49:01Z</datestamp><setSpec>com_10324_38</setSpec><setSpec>col_10324_852</setSpec></header><metadata><record xmlns="http://www.loc.gov/MARC21/slim" xmlns:doc="http://www.lyncode.com/xoai" xmlns:xsi="http://www.w3.org/2001/XMLSchema-instance" xmlns:dcterms="http://purl.org/dc/terms/" xsi:schemaLocation="http://www.loc.gov/MARC21/slim http://www.loc.gov/standards/marcxml/schema/MARC21slim.xsd">
<leader>00925njm 22002777a 4500</leader>
<datafield tag="042" ind1=" " ind2=" ">
<subfield code="a">dc</subfield>
</datafield>
<datafield tag="720" ind1=" " ind2=" ">
<subfield code="a">Martínez Pérez, Laura</subfield>
<subfield code="e">author</subfield>
</datafield>
<datafield tag="260" ind1=" " ind2=" ">
<subfield code="c">2013</subfield>
</datafield>
<datafield tag="520" ind1=" " ind2=" ">
<subfield code="a">Es un Trabajo Fin de Grado basado en el estudio de caso de un niño con síndrome de Asperger, realizado durante el Prácticum II en mi estancia en un centro escolar a lo largo de tres meses. En la primera parte del trabajo, he realizado una breve investigación acerca de las diferentes obras de la literatura especializada en el tema para poder fundamentar la parte práctica del trabajo. En la segunda parte, he realizado una aplicación práctica de las características teóricas del síndrome de Asperger partiendo de la observación de dichos rasgos en el caso real de un niño de 9 años, viendo su evolución psicológica hasta la actualidad.</subfield>
</datafield>
<datafield tag="024" ind2=" " ind1="8">
<subfield code="a">http://uvadoc.uva.es/handle/10324/4824</subfield>
</datafield>
<datafield ind1=" " ind2=" " tag="653">
<subfield code="a">Asperger, Síndrome de</subfield>
</datafield>
<datafield tag="245" ind1="0" ind2="0">
<subfield code="a">El Síndrome de Asperger: estudio de un caso</subfield>
</datafield>
</record></metadata></record></GetRecord></OAI-PMH>